| 000 -LEADER |
| fixed length control field |
nam a22 7a 4500 |
| 005 - DATE AND TIME OF LATEST TRANSACTION |
| control field |
20190121010455.0 |
| 008 - FIXED-LENGTH DATA ELEMENTS--GENERAL INFORMATION |
| fixed length control field |
190121b xxu||||| |||| 00| 0 eng d |
| 020 ## - IDENTIFIER FOR THE MANIFESTATION |
| Identifier for the Manifestation |
9781848661653 |
| Binding |
paperback |
| 040 ## - CATALOGING SOURCE |
| Language of Cataloging |
eng |
| Transcribing Agency |
APEC Schools Library |
| Description Conventions |
rda |
| 082 ## - DEWEY DECIMAL CLASSIFICATION NUMBER |
| Classification number |
C 510 |
| Author's Number |
El87m 2011 |
| 100 ## - CREATOR |
| Preferred Name of the Person |
Elwes, Richard |
| 245 ## - TITLE AND STATEMENT OF RESPONSIBILITY |
| Preferred Title Proper |
The Math handbook : |
| Remainder of Title |
everyday math made simple |
| Statement of Responsibility/Parallel Statement of Responsibility |
Richard Elwes |
| 264 ## - PUBLICATION STATEMENT |
| Place of publication, distribution, etc |
London : |
| Publisher's Name/Parallel Publisher's Name |
Quercus Publishing Plc., |
| Copyright |
©2011. |
| Date of Publication |
2011. |
| 300 ## - PHYSICAL DESCRIPTION |
| Extent |
223 pages : |
| Illustrative Content |
colored illustrations ; |
| Dimensions |
22 cm |
| 336 ## - RDA CONTENT |
| Source |
rdacontent |
| Content Type |
text |
| 337 ## - RDA MEDIA |
| Source |
rdamedia |
| Media Type |
unmediated |
| 338 ## - RDA CARRIER |
| Source |
rdacarrier |
| Carrier Type |
volume |
| 504 ## - BIBLIOGRAPHY, ETC. NOTE |
| Bibliography, etc |
Includes index. |
| 650 ## - ADDED SUBJECT ACCESS POINT - TOPICAL TERM |
| Topical Term |
Mathematics |
| 942 ## - ADDED ENTRY ELEMENTS (KOHA) |
| Source of Classification |
|
| Koha Item Type |
Books |